000 00588nam a2200205Ia 4500
005 20250923145336.0
008 008 250917s9999 xx 000 0 eng d
037 _aTextual
040 _aDSWL
_beng
_cDSWL
041 _aeng
_2eng
084 _aYX;5OaX, N75
_qDSWL
100 _aPerlman, Robert
_9834269
245 0 _aConsumers and Social Services
_c by Robert Perlman
260 _aNew York
_b John Wiley & Sons Inc.
_c1975
300 _axvii,126p.
365 _aINR
_b46 . 53
925 _g46 . 53
942 _cTEXL
_hYX;5OaX, N75
999 _c1450217
_d1450217